Fyzika pre všetkých. 1. diel : Fyzikálne telesá

Salvato in:
Dettagli Bibliografici
Autori principali: Landau, Lev Davidovič (Autore), Kitajgorodskij, Aleksandr Isaakovič (Autore)
Natura: Libro
Lingua:slovacco
Pubblicazione: Bratislava : Alfa, 1982
Tags: Aggiungi Tag
Nessun Tag, puoi essere il primo ad aggiungerne!!

MARC

LEADER 00000nam a22000003a 4500
001 stu33485
005 20260310133041.5
008 981021s1982------------------------slo-d
040 |a STU  |b slo 
041 0 |a slo 
080 |a 53  |7 stu_us_auth*stu7966 
100 1 |a Landau, Lev Davidovič  |4 aut 
245 1 |a Fyzika pre všetkých. 1. diel :  |b Fyzikálne telesá 
260 |a Bratislava :  |b Alfa,  |c 1982 
300 |a 263 s. 
700 1 |a Kitajgorodskij, Aleksandr Isaakovič  |4 aut 
996 |b 284EK02221  |c E*50663  |l EE01  |s A  |a 24  |w stu33485_0001